| 000 | 00862nam a22002657a 4500 | ||
|---|---|---|---|
| 001 | BR8702318 | ||
| 003 | BR-BrBNA | ||
| 005 | 20230928092451.0 | ||
| 007 | ta | ||
| 008 | 230509b bl.||||| |||| 00| 0 por d | ||
| 040 |
_aBR-BrBNA _bpor _cBiblioteca Nacional de Agricultura |
||
| 041 | _a(Por) | ||
| 072 |
_aF04 _b3840 _b/G514 |
||
| 090 | _ 3840 BR8702318 | ||
| 110 | 1 |
_aConselho de Desenvolvimento do Extremo Sul, Florianopolis, SC (Brasil) _92597 |
|
| 245 | 1 | _aFertilizantes em Santa Catarina [Brasil] | |
| 260 | 3 |
_aFlorianopolis, SC (Brasil): _c1968. |
|
| 300 | _a147 p. | ||
| 500 | _a62 tables. (*) Documento disponível na(o) Associacao de Credito e Assistencia Rural de Santa Catarina, Florianopolis (Brazil) | ||
| 650 | _aFERTILIZANTE | ||
| 650 | _aCORRETIVO | ||
| 650 | _aSANTA CATARINA | ||
| 909 |
_a202309 _bLucia _c55 _dLucia Elande |
||
| 942 | _cBK | ||
| 999 |
_c39242 _d39242 |
||